[Event "Titled Tue 27th May Late"]
[Site "chess.com INT"]
[Date "2025.05.27"]
[Round "4"]
[White "Mendez Machado, Andre"]
[Black "Weidenhoefer, Max"]
[Result "1-0"]
[WhiteTitle "FM"]
[BlackTitle "CM"]
[WhiteElo "2189"]
[BlackElo "2171"]
[WhiteFideId "6603793"]
[BlackFideId "16230566"]
[EventDate "2025.05.27"]

1. e4 e5 2. Nf3 Nc6 3. Bc4 Bc5 4. d3 Nf6 5. Nbd2 d6 6. c3 Be6 7. O-O Qd7 8. Ng5
Bxc4 9. Nxc4 h6 10. Nf3 a6 11. d4 exd4 12. cxd4 Ba7 13. Re1 O-O 14. d5 Ne7 15.
Be3 Bxe3 16. Rxe3 Ng6 17. Nd4 Rfe8 18. Nf5 Rxe4 19. Rxe4 Nxe4 20. Qg4 Nf6 21.
Qf3 Kh7 22. h4 Re8 23. Nce3 Qb5 24. Rb1 Qa4 25. Rc1 c5 26. dxc6 bxc6 27. Qxc6
Qxa2 28. Ng4 Re6 29. Nxf6+ Rxf6 30. Ne3 Qxb2 31. Rc2 Qa1+ 32. Kh2 Nxh4 33. Qe4+
Ng6 34. Rc6 Qe5+ 35. Qxe5 dxe5 36. Rc5 Re6 37. Ra5 Ne7 38. Nc4 Nc6 39. Rxa6 Kg8
40. Ra8+ Kh7 41. Rf8 Kg6 42. Ne3 f6 43. Ra8 Nd4 44. Ra4 f5 45. Nc4 e4 46. Ne3
Nc6 47. Ra6 Kf6 48. Nd5+ Ke5 49. Nc7 Rd6 50. Ne8 Rg6 51. Nc7 Ne7 52. Ra5+ Kf6
53. Ra6+ Kg5 54. Ra5 Rf6 55. Nb5 Ng8 56. Nd4 Ne7 57. g3 g6 58. Ne2 h5 59. Nf4
Ng8 60. Nh3+ Kh6 61. Ra7 Re6 62. Nf4 Ne7 63. Nxe6 Kh7 64. Rxe7+ Kh6 65. Rd7 g5
66. Nd4 Kg6 67. Rd6+ Kf7 68. Nxf5 g4 69. Rh6 e3 70. Nxe3 h4 71. Rxh4 Kg6 72.
Rxg4+ Kh5 73. Kg2 Kh6 74. Rf4 Kh5 75. Kf3 Kg5 76. g4 Kg6 77. Rf5 Kg7 78. Ng2 Kg8
79. Nf4 Kg7 80. g5 Kg8 81. Kg4 Kg7 82. Rf6 Kg8 83. Ne6 Kh7 84. g6+ Kg8 85. Rf8# 1-0

[Event "Titled Tue 27th May Late"]
[Site "chess.com INT"]
[Date "2025.05.27"]
[Round "4"]
[White "Denishev, Marat"]
[Black "Nouali, Mohamed"]
[Result "1-0"]
[WhiteTitle "FM"]
[BlackTitle "FM"]
[WhiteElo "2111"]
[BlackElo "2157"]
[WhiteFideId "24131563"]
[BlackFideId "5502462"]
[EventDate "2025.05.27"]

1. d4 Nf6 2. c4 c5 3. d5 b5 4. cxb5 a6 5. e3 axb5 6. Bxb5 g6 7. Nc3 Bg7 8. Nf3
O-O 9. O-O d6 10. h3 Qa5 11. a4 Na6 12. Nd2 Nb4 13. Nc4 Qc7 14. e4 Rd8 15. Re1
e6 16. Bg5 h6 17. Bh4 g5 18. Bg3 e5 19. Rc1 Kh7 20. Ne3 Kg6 21. Qf3 Nh5 22. Nf5
Nf4 23. Bxf4 exf4 24. Nxg7 Kxg7 25. Ne2 f6 26. Nd4 Qe7 27. Nf5+ Bxf5 28. exf5
Qf7 29. Re6 Ra7 30. Rce1 Nc2 31. R1e4 Nd4 32. Rxd4 cxd4 33. Qe4 Rc8 34. Qxd4 Re7
35. Bc6 Rxe6 36. fxe6 Qg6 37. e7 Qb1+ 38. Kh2 Qe1 39. e8=Q Rxe8 40. Bxe8 Qxe8
41. a5 h5 42. a6 Qa8 43. a7 g4 44. hxg4 hxg4 45. b4 g3+ 46. fxg3 fxg3+ 47. Kxg3
Kf7 48. b5 Qg8+ 49. Kf3 Qc8 50. Qe4 Qc3+ 51. Kf2 Qd2+ 52. Kg3 Qg5+ 53. Kf3 Qh5+
54. Ke3 Qg5+ 55. Kd3 Qg3+ 56. Kc4 Qa3 57. Qe6+ Kg7 58. Qe7+ Kg6 59. Qe8+ Kg5 60.
a8=Q Qc1+ 61. Kd3 Qd1+ 62. Kc3 Qc1+ 63. Kb4 Qd2+ 64. Ka4 Qa2+ 65. Kb4 Qb2+ 66.
Ka5 Qa3+ 67. Kb6 Qc5+ 68. Kb7 Qxd5+ 69. Qc6 Qe5 70. Qg8+ Kh4 71. Qcc4+ Kh5 72.
Qcg4+ Kh6 73. Qh8# 1-0

[Event "Titled Tue 27th May Late"]
[Site "chess.com INT"]
[Date "2025.05.27"]
[Round "4"]
[White "Ermolaev, Evgeny"]
[Black "Yang, Daniel"]
[Result "1-0"]
[WhiteTitle "FM"]
[BlackTitle "CM"]
[WhiteElo "2282"]
[BlackElo "2213"]
[WhiteFideId "24103195"]
[BlackFideId "30976340"]
[EventDate "2025.05.27"]

1. d4 Nf6 2. c4 e6 3. Nf3 d5 4. g3 dxc4 5. Bg2 Bb4+ 6. Bd2 Be7 7. O-O Nc6 8. Qa4
O-O 9. Qxc4 Ne4 10. Bf4 Bd6 11. Bxd6 cxd6 12. d5 exd5 13. Qxd5 Nf6 14. Qd2 Ne4
15. Qf4 d5 16. Nbd2 Qf6 17. Qxf6 Nxf6 18. Nb3 Bg4 19. Rfd1 Rfe8 20. e3 Ne5 21.
Nbd4 Rac8 22. Rac1 Nxf3+ 23. Bxf3 Bxf3 24. Nxf3 Kf8 25. Kf1 Ke7 26. Nd4 g6 27.
Ke2 Rc4 28. b3 Rxc1 29. Rxc1 Kd7 30. Nb5 a6 31. Rc7+ Kd8 32. Rxf7 Ne4 33. Nd4
Re7 34. Rxe7 Kxe7 35. a4 Kd6 36. f3 Nf6 37. b4 Nd7 38. Kd3 Ne5+ 39. Kc3 Nc4 40.
e4 Nb6 41. a5 Nd7 42. exd5 Kxd5 43. b5 axb5 44. Nxb5 Kc5 45. Nd4 Ne5 46. Nb3+
Kb5 47. f4 Nc6 48. g4 Ne7 49. Kd4 Kb4 50. Nd2 Kxa5 51. Kc5 b5 52. Kd6 Nc8+ 53.
Kd7 Nb6+ 54. Ke6 Nc4 55. Ne4 b4 56. f5 gxf5 57. gxf5 b3 58. f6 b2 59. Nc3 Kb4
60. Nb1 Na3 61. f7 Nxb1 62. f8=Q+ Kb3 63. Qb8+ Kc2 64. Qc7+ Nc3 65. Qxh7+ Kc1
66. Qh6+ Kc2 67. Qg6+ Kb3 68. h4 b1=Q 69. Qxb1+ Nxb1 70. h5 Nd2 71. h6 Ne4 72.
Kf5 Nd6+ 73. Kg6 Nc8 74. h7 Ne7+ 75. Kg5 1-0

[Event "Titled Tue 27th May Late"]
[Site "chess.com INT"]
[Date "2025.05.27"]
[Round "4"]
[White "Asish Panda"]
[Black "Dambaev, Dashi"]
[Result "0-1"]
[BlackTitle "CM"]
[WhiteElo "1911"]
[BlackElo "2211"]
[WhiteFideId "45012458"]
[BlackFideId "55628494"]
[EventDate "2025.05.27"]

1. e4 c5 2. Nf3 d6 3. d4 cxd4 4. Qxd4 Nf6 5. e5 Nc6 6. Bb5 Qa5+ 7. Nc3 Qxb5 8.
Nxb5 Nxd4 9. Nbxd4 dxe5 10. Nxe5 a6 11. Be3 Ng4 12. Nxg4 Bxg4 13. f3 Bd7 14.
O-O-O e5 15. Nb3 Rc8 16. Rhe1 f6 17. f4 Bf5 18. Rd2 exf4 19. Bxf4+ Kf7 20. Nd4
Bd7 21. Nf3 Bc6 22. Kb1 Bc5 23. Nd4 Rhe8 24. Red1 Be4 25. Nb3 Bb4 26. Rd7+ Re7
27. Rxe7+ Bxe7 28. Rd2 g5 29. Be3 Rd8 30. Rf2 Kg6 31. g4 Rd1+ 32. Nc1 h5 33.
gxh5+ Kxh5 34. a3 f5 35. Ka2 f4 36. Bd2 Bc5 37. Re2 Bf3 38. Re5 Bd4 39. Re7 Rxd2
40. Nb3 Rd1 41. h3 Kh4 42. Rd7 Be3 43. Rh7+ Kg3 44. Na5 g4 45. hxg4 Bxg4 46. Rg7
f3 47. Nc4 Bf4 48. b3 f2 49. Nb2 Rc1 50. Nd3 Rxc2+ 51. Kb1 f1=Q+ 52. Kxc2 Qd1+
53. Kc3 Qd2+ 54. Kc4 Qc2+ 55. Kd4 Qd2 56. Kc4 Kh4 57. Rh7+ Bh5 58. Rh8 Qe3 59.
Rd8 Qe4+ 60. Rd4 Qc6+ 61. Kb4 Kg5 62. Nxf4 Bf7 63. Nd3 Qb6+ 64. Kc3 Qa5+ 65. Kc2
Qxa3 66. Rb4 Qa2+ 67. Kc3 Qa1+ 68. Kd2 Be6 69. Re4 Bf5 70. Re3 Bxd3 71. Rxd3
Qb2+ 72. Ke3 a5 73. Rd5+ Kf6 74. Rb5 Qc3+ 75. Ke4 Qc6+ 76. Rd5 Ke6 77. Kd4 Qxd5+
78. Kc3 Qc5+ 79. Kb2 Qb4 80. Ka2 a4 81. Ka1 Qa3+ 82. Kb1 Qxb3+ 83. Ka1 Qc3+ 84.
Ka2 a3 85. Kb1 Qb2# 0-1

[Event "Titled Tue 27th May Late"]
[Site "chess.com INT"]
[Date "2025.05.27"]
[Round "4"]
[White "Grot, Blazej"]
[Black "Hartge, Gedeon"]
[Result "1-0"]
[WhiteTitle "CM"]
[BlackTitle "FM"]
[WhiteElo "2217"]
[BlackElo "2328"]
[WhiteFideId "21835845"]
[BlackFideId "12932116"]
[EventDate "2025.05.27"]

1. d4 Nf6 2. c4 c5 3. d5 b5 4. cxb5 a6 5. bxa6 g6 6. Nc3 Bg7 7. e4 O-O 8. Nf3
Qa5 9. Bd2 Bxa6 10. Bxa6 Qxa6 11. Qe2 d6 12. Qxa6 Nxa6 13. O-O Rfb8 14. b3 Nd7
15. Rfc1 Nb4 16. a4 Rb7 17. Ne1 f5 18. f3 fxe4 19. fxe4 Bd4+ 20. Kf1 Ne5 21. Ke2
Rf8 22. Nf3 Ned3 23. Rf1 Bf6 24. Rab1 Rfb8 25. Nb5 Rb6 26. Bxb4 Nxb4 27. Nd2 Nc2
28. Nc4 Rxb5 29. axb5 Rxb5 30. Kd3 Nb4+ 31. Kd2 Kg7 32. Rf3 Rb7 33. Rbf1 Ra7 34.
Rxf6 exf6 35. Nxd6 Ra2+ 36. Ke3 f5 37. Rf2 Ra3 38. Rb2 fxe4 39. Kxe4 Ra1 40. Rd2
Re1+ 41. Kf3 Re5 42. Ne4 Nxd5 43. Nxc5 Nb4 44. Rd7+ Kh6 45. Nd3 Rb5 46. Nxb4
Rxb4 47. Rd3 Kg5 48. Rc3 h5 49. Rc5+ Kh6 50. Rc3 Kg5 51. g3 Kf5 52. h4 Kf6 53.
Ke2 Kf5 54. Kd2 Rb6 55. Kc2 Kg4 56. Kb2 Kh3 57. Ka3 Ra6+ 58. Kb4 Rb6+ 59. Ka4
Ra6+ 60. Kb5 Ra8 61. b4 Rb8+ 62. Ka5 Ra8+ 63. Kb5 Rb8+ 64. Ka4 Ra8+ 65. Kb3 Rb8
66. Re3 Kg4 67. Kc4 Rc8+ 68. Kd5 Rd8+ 69. Kc5 Rc8+ 70. Kd6 Rc4 71. Rb3 Rd4+ 72.
Ke5 Rd1 73. b5 g5 74. hxg5 Kxg5 75. b6 Rd8 76. b7 Rb8 77. Ke4 Kg4 78. Ke5 Rxb7
79. Rxb7 Kxg3 80. Rg7+ Kf3 81. Rh7 Kg4 82. Ke4 h4 83. Ke3 Kg3 84. Rg7+ Kh2 85.
Kf3 h3 86. Ra7 Kg1 87. Kg3 1-0

[Event "Titled Tue 27th May Late"]
[Site "chess.com INT"]
[Date "2025.05.27"]
[Round "4"]
[White "Rustamov, Rustam"]
[Black "Terry, Renato"]
[Result "1/2-1/2"]
[WhiteTitle "FM"]
[BlackTitle "IM"]
[WhiteElo "2323"]
[BlackElo "2508"]
[WhiteFideId "13440110"]
[BlackFideId "3803457"]
[EventDate "2025.05.27"]

1. e4 e6 2. d4 d5 3. Nd2 Be7 4. Ngf3 Nf6 5. Bd3 c5 6. dxc5 dxe4 7. Nxe4 Nxe4 8.
Bxe4 Qxd1+ 9. Kxd1 Bxc5 10. Ke2 Nd7 11. Be3 Bxe3 12. Kxe3 Nc5 13. Rhd1 Nxe4 14.
Kxe4 Ke7 15. c4 Bd7 16. Ne5 Be8 17. b3 Rc8 18. Rd2 f6 19. Nf3 b5 20. cxb5 Bxb5
21. Nd4 Bd7 22. Rad1 Rc7 23. f4 Rb8 24. Ke3 a5 25. g3 h5 26. Re1 a4 27. Kf2 axb3
28. axb3 Kf7 29. Red1 Rbb7 30. Rd3 Bc8 31. R1d2 Rb6 32. Ne2 Ke7 33. Re3 Bb7 34.
Nd4 Kf7 35. f5 exf5 36. Nxf5 Kg6 37. Nh4+ Kh7 38. Nf5 Rc5 39. Nh4 Bd5 40. Rb2
Rcb5 41. h3 Bxb3 42. g4 Bf7 43. Rxb5 Rxb5 44. Re7 Kg8 45. Nf5 Rb3 46. Kg2 hxg4
47. hxg4 Kf8 48. Rc7 Rb8 49. Kg3 g6 50. Nd6 Be6 51. Ne4 Rb3+ 52. Rc3 Rxc3+ 53.
Nxc3 g5 54. Ne4 Ke7 55. Nf2 Bc4 56. Nd1 Bd3 57. Nc3 Ke6 58. Kf3 Ke5 59. Nd1 Ba6
60. Ne3 Bb7+ 61. Kg3 Bc8 62. Nc4+ Kd4 63. Nd2 Be6 64. Nf3+ Ke3 65. Ne1 Bb3 66.
Nf3 Bc2 67. Ng1 Bd3 68. Nh3 Bc4 69. Nf2 Be2 70. Nh3 Bf3 71. Nf2 Bc6 72. Nh3 Bb5
73. Nf2 Bf1 74. Nd1+ Kd2 75. Nf2 Bd3 76. Kf3 Bc2 77. Kg3 Ke1 78. Nh3 Ke2 79. Nf2
Kf1 80. Nh3 Be4 81. Nf2 Bd5 82. Nd1 Be6 83. Nc3 f5 84. gxf5 Bxf5 85. Ne4 Bxe4
86. Kg4 Kf2 87. Kxg5 1/2-1/2

[Event "Titled Tue 27th May Late"]
[Site "chess.com INT"]
[Date "2025.05.27"]
[Round "4"]
[White "Klukin, Kirill"]
[Black "Robert, Yoann"]
[Result "1-0"]
[WhiteTitle "IM"]
[BlackTitle "CM"]
[WhiteElo "2407"]
[BlackElo "2198"]
[WhiteFideId "24199273"]
[BlackFideId "36018805"]
[EventDate "2025.05.27"]

1. d4 f5 2. c4 Nf6 3. Nc3 d6 4. g3 g6 5. Bg2 Bg7 6. Nf3 O-O 7. d5 c6 8. O-O e5
9. dxe6 Bxe6 10. b3 Na6 11. Bb2 Qe7 12. Qd2 Nc5 13. Rad1 Rad8 14. Nd4 Bf7 15.
Qc1 a5 16. Qa1 Rfe8 17. Rfe1 Qf8 18. h3 Nfe4 19. Nxe4 Nxe4 20. e3 a4 21. Ne2
axb3 22. Bxg7 Qxg7 23. Qxg7+ Kxg7 24. axb3 Nc5 25. Nd4 Ra8 26. Ra1 Kf6 27. h4 h6
28. Red1 Ke7 29. h5 Red8 30. hxg6 Bxg6 31. b4 Ne6 32. Nxe6 Kxe6 33. b5 Be8 34.
bxc6 bxc6 35. Bf3 Rxa1 36. Rxa1 Rb8 37. Ra6 Rc8 38. Kg2 Bd7 39. Ra7 Rb8 40. Rc7
Rb6 41. g4 Ke7 42. gxf5 Kd8 43. Ra7 Bxf5 44. Rf7 Be6 45. Rf6 Ke7 46. Rxh6 Bxc4
47. Rh7+ Kf6 48. Rd7 Ke5 49. Kg3 Be6 50. Rc7 c5 51. Be2 Rb2 52. Bf1 Rc2 53. Bd3
Rc3 54. Bb1 c4 55. f4+ Kf6 56. Kf3 d5 57. Ke2 Rc1 58. Bh7 Rh1 59. Kd2 Rh2+ 60.
Kc3 Re2 61. Kd4 Rd2+ 62. Kc5 Re2 63. Kd4 Rd2+ 64. Kc3 Re2 65. Rc6 Rxe3+ 66. Kd4
Rf3 67. f5 Rxf5 68. Bxf5 Kxf5 69. Rb6 Kf6 70. Rb2 Ke7 71. Ke5 Bf7 72. Rb7+ Kf8
73. Rc7 Bg8 74. Kf6 Bf7 75. Rc8+ Be8 76. Ke5 Ke7 77. Kxd5 Bd7 78. Rc5 Be6+ 79.
Ke5 Bd7 80. Rxc4 Kf8 81. Rc7 Ba4 82. Ke6 Kg8 83. Kf6 Bb3 84. Rc3 Ba2 85. Ra3 Bc4
86. Kg6 Kh8 87. Rh3+ Kg8 88. Rc3 Bf7+ 89. Kf6 Ba2 90. Ra3 Bb1 91. Ra8+ Kh7 92.
Ra7+ Kh8 93. Rb7 Be4 94. Re7 Bd3 95. Kg5 Bc4 96. Kg6 Bg8 97. Kh6 Ba2 98. Rg7 Bg8
99. Rb7 Ba2 100. Kg6 Bg8 101. Kf6 Ba2 102. Rb8+ Bg8 103. Rb2 Bc4 104. Rg2 Bg8
105. Rg3 Bh7 106. Kf7 Bb1 107. Rg1 Bh7 108. Kf8 Bc2 109. Rg4 Bh7 110. Rf4 Bc2
111. Kf7 Bh7 112. Kf6 Bc2 113. Rb4 Bh7 114. Rc4 Bg8 115. Rc7 Bh7 116. Rg7 Bb1
117. Kf7 Ba2+ 118. Kg6 Bb1+ 119. Kh6 Ba2 120. Rh7+ Kg8 121. Ra7 Bf7 122. Kg5 Kg7
123. Rc7 Kf8 124. Kf6 Bb3 125. Rc8# 1-0

[Event "Titled Tue 27th May Late"]
[Site "chess.com INT"]
[Date "2025.05.27"]
[Round "5"]
[White "Garbuz, Vitaliy"]
[Black "Tologon tegin, Semetei"]
[Result "0-1"]
[WhiteTitle "CM"]
[BlackTitle "IM"]
[WhiteElo "2224"]
[BlackElo "2313"]
[WhiteFideId "12990710"]
[BlackFideId "13800574"]
[EventDate "2025.05.27"]

1. e4 Nf6 2. e5 Nd5 3. c4 Nb6 4. d4 d6 5. exd6 cxd6 6. Nc3 g6 7. Be3 Bg7 8. Rc1
O-O 9. b3 Bf5 10. Be2 d5 11. c5 Nc8 12. g4 Bd7 13. Nxd5 Bc6 14. Bf3 Bxd5 0-1

[Event "Titled Tue 27th May Late"]
[Site "chess.com INT"]
[Date "2025.05.27"]
[Round "5"]
[White "Ernst, Robert"]
[Black "Hiwale, Ronak"]
[Result "0-1"]
[WhiteTitle "FM"]
[WhiteElo "2340"]
[BlackElo "2105"]
[WhiteFideId "1662643"]
[BlackFideId "30975336"]
[EventDate "2025.05.27"]

1. d4 Nf6 2. c4 g6 3. Nc3 Bg7 4. Nf3 O-O 5. e4 d6 6. Be2 Nc6 7. O-O e5 8. d5 Ne7
9. Ne1 Ne8 10. Nd3 f5 11. f3 f4 12. Bd2 g5 13. c5 h5 14. Nb5 a6 15. cxd6 cxd6
16. Na3 Rf7 17. Nc4 Ng6 18. Ba5 Qe7 19. Nb6 Rb8 20. Rc1 Bd7 21. Nxd7 Qxd7 22.
Rc7 Nxc7 0-1

[Event "Titled Tue 27th May Late"]
[Site "chess.com INT"]
[Date "2025.05.27"]
[Round "5"]
[White "Garcia, Jhoel"]
[Black "Schulz, Michael1"]
[Result "1-0"]
[WhiteTitle "IM"]
[BlackTitle "FM"]
[WhiteElo "2304"]
[BlackElo "2069"]
[WhiteFideId "3801110"]
[BlackFideId "4616731"]
[EventDate "2025.05.27"]

1. e4 g6 2. d4 Bg7 3. Be2 c6 4. Nc3 d5 5. e5 h5 6. f4 Nh6 7. Be3 O-O 8. Nf3 Bg4
9. h3 Bxf3 10. Bxf3 e6 11. g4 h4 12. Qd2 b5 13. f5 Kh7 14. f6 1-0

[Event "Titled Tue 27th May Late"]
[Site "chess.com INT"]
[Date "2025.05.27"]
[Round "5"]
[White "Toncheva, Nadya"]
[Black "Pavlidou, Ekaterini"]
[Result "1-0"]
[WhiteTitle "FM"]
[BlackTitle "WIM"]
[WhiteElo "2332"]
[BlackElo "2198"]
[WhiteFideId "2924056"]
[BlackFideId "4213262"]
[EventDate "2025.05.27"]

1. e4 c5 2. Nf3 Nc6 3. c3 d5 4. exd5 Qxd5 5. d4 Bf5 6. Nbd2 cxd4 7. Bc4 Qa5 8.
Nb3 Qc7 9. Nbxd4 O-O-O 10. Qe2 e5 11. Nxf5 e4 12. N3d4 g6 13. Ne3 Nxd4 14. cxd4
Bb4+ 15. Bd2 Bxd2+ 16. Qxd2 f5 17. Rc1 1-0

[Event "Titled Tue 27th May Late"]
[Site "chess.com INT"]
[Date "2025.05.27"]
[Round "5"]
[White "Pham, Le Thao Nguyen"]
[Black "Petriashvili, Nikoloz"]
[Result "1/2-1/2"]
[WhiteTitle "IM"]
[BlackTitle "IM"]
[WhiteElo "2388"]
[BlackElo "2468"]
[WhiteFideId "12401226"]
[BlackFideId "13611216"]
[EventDate "2025.05.27"]

1. d4 Na6 2. Nf3 d5 3. Bf4 Nf6 4. e3 c6 5. Nbd2 Bg4 6. h3 Bxf3 7. Nxf3 e6 8. c3
Nb8 9. Bd3 Bd6 10. Ne5 Qc7 11. Bg3 Nbd7 12. f4 Ne4 13. Bh4 Nxe5 14. fxe5 Be7 15.
Bxe7 Qxe7 16. O-O f5 17. exf6 Nxf6 18. Qf3 O-O 19. Qg3 Rae8 20. Qe5 Nd7 21. Qc7
Nf6 22. Qe5 Nd7 23. Qc7 Nf6 24. Qe5 1/2-1/2

[Event "Titled Tue 27th May Late"]
[Site "chess.com INT"]
[Date "2025.05.27"]
[Round "5"]
[White "Ferreira, Vitor Hugo Vieira"]
[Black "May Sanchez, Andres Elias"]
[Result "1-0"]
[BlackTitle "CM"]
[WhiteElo "2128"]
[BlackElo "2209"]
[WhiteFideId "2119765"]
[BlackFideId "5150973"]
[EventDate "2025.05.27"]

1. e4 e5 2. Nf3 Nc6 3. Bb5 Nge7 4. O-O Ng6 5. Re1 d6 6. c3 Bd7 7. d4 Be7 8. d5
Nb8 9. Bf1 O-O 10. c4 f5 11. Nc3 fxe4 12. Nxe4 Bg4 13. Be2 Nf4 14. Bxf4 Rxf4 15.
Qc2 Nd7 16. Rad1 Qe8 17. Ng3 Qf7 18. h3 Bxf3 19. Bxf3 Bh4 20. Bg4 Rf8 21. Be6
Nc5 22. Bxf7+ R8xf7 23. b4 1-0

[Event "Titled Tue 27th May Late"]
[Site "chess.com INT"]
[Date "2025.05.27"]
[Round "5"]
[White "Barria Zuniga, Daniel"]
[Black "Atis, Hasan"]
[Result "1-0"]
[WhiteTitle "IM"]
[BlackTitle "CM"]
[WhiteElo "2341"]
[BlackElo "2089"]
[WhiteFideId "3400816"]
[BlackFideId "44598017"]
[EventDate "2025.05.27"]

1. d4 d5 2. c4 e6 3. Nf3 Nf6 4. Nc3 c6 5. Bg5 Nbd7 6. e3 Qa5 7. Nd2 Bb4 8. Qc2
dxc4 9. Bxf6 Nxf6 10. Nxc4 Qc7 11. Be2 O-O 12. O-O b6 13. a3 Be7 14. Bf3 Ba6 15.
b3 Rac8 16. a4 Rfd8 17. Rfc1 c5 18. Ne5 cxd4 19. exd4 Rxd4 20. Nc6 Rdd8 21. Nxd8
Qxd8 22. Qd1 Qe8 23. Nb5 Rd8 24. Qf1 Bc5 25. Nc7 Bxf1 26. Nxe8 Nxe8 27. Rxf1 Rd2
28. Rad1 Rb2 29. Rd8 1-0

[Event "Titled Tue 27th May Late"]
[Site "chess.com INT"]
[Date "2025.05.27"]
[Round "5"]
[White "Piesik, Piotr"]
[Black "Materia, Marco"]
[Result "0-1"]
[WhiteTitle "IM"]
[BlackTitle "IM"]
[WhiteElo "2436"]
[BlackElo "2489"]
[WhiteFideId "1136194"]
[BlackFideId "45150451"]
[EventDate "2025.05.27"]

1. Nf3 Nf6 2. g3 g6 3. Bg2 Bg7 4. O-O O-O 5. d4 d6 6. Nbd2 Nbd7 7. e4 e5 8. dxe5
dxe5 9. Qe2 Qe7 10. b3 Rd8 11. Bb2 Ne8 12. Nc4 Nd6 13. Nxd6 cxd6 14. c4 Nc5 15.
Rfd1 Bd7 16. Ne1 a5 17. Ba3 Bc6 18. Nc2 Ne6 19. h4 Rd7 20. Bh3 Rad8 21. Bxe6
fxe6 22. f3 Qf7 23. Kg2 d5 24. exd5 exd5 25. cxd5 Bxd5 26. Rac1 Bxf3+ 0-1

[Event "Titled Tue 27th May Late"]
[Site "chess.com INT"]
[Date "2025.05.27"]
[Round "5"]
[White "Tikhonov, Viacheslav"]
[Black "Gergacz, Attila"]
[Result "1-0"]
[WhiteTitle "CM"]
[BlackTitle "IM"]
[WhiteElo "2183"]
[BlackElo "2383"]
[WhiteFideId "44196407"]
[BlackFideId "730157"]
[EventDate "2025.05.27"]

1. e4 e6 2. d4 d5 3. Bd3 Nf6 4. e5 Nfd7 5. f4 c5 6. c3 Nc6 7. Nf3 Qb6 8. Bc2
cxd4 9. cxd4 Nb4 10. Bb3 a5 11. a3 Nc6 12. O-O Be7 13. Nc3 f6 14. Na4 Qa7 15. f5
Ndxe5 16. fxe6 Nxf3+ 17. Qxf3 Nxd4 18. Qh5+ g6 19. Qxd5 Nxb3+ 20. Kh1 Nxa1 21.
Qb5+ Kf8 22. Bh6+ Kg8 23. Qe8+ 1-0

[Event "Titled Tue 27th May Late"]
[Site "chess.com INT"]
[Date "2025.05.27"]
[Round "5"]
[White "Dilmukhametov, Artur"]
[Black "Gubajdullin, Alexei"]
[Result "0-1"]
[WhiteTitle "FM"]
[BlackTitle "FM"]
[WhiteElo "2276"]
[BlackElo "2227"]
[WhiteFideId "24179922"]
[BlackFideId "4141202"]
[EventDate "2025.05.27"]

1. Nf3 Nf6 2. d4 g6 3. g3 c5 4. Bg2 cxd4 5. Nxd4 d5 6. O-O Bg7 7. c4 dxc4 8. e3
O-O 9. Qc2 e5 10. Nf3 e4 11. Nd4 b5 12. Bxe4 Nxe4 13. Qxe4 Qb6 14. Qd5 Bb7 15.
Qxb5 Bxd4 16. Qxc4 Bxb2 17. Bxb2 Qxb2 18. Nc3 Rc8 19. Rab1 Rxc4 20. Rxb2 Bf3 21.
Nb5 Nd7 22. Nd6 Rc6 23. Nb5 Rb6 24. Rfb1 Rab8 25. Rd2 Rxb5 26. Rxb5 Rxb5 27.
Rxd7 Rb1+ 28. Rd1 Rxd1# 0-1

[Event "Titled Tue 27th May Late"]
[Site "chess.com INT"]
[Date "2025.05.27"]
[Round "5"]
[White "Medina Paz, Miguel"]
[Black "Mafra, Kaiser Luiz"]
[Result "1-0"]
[WhiteTitle "IM"]
[BlackTitle "CM"]
[WhiteElo "2368"]
[BlackElo "2094"]
[WhiteFideId "7300379"]
[BlackFideId "2106698"]
[EventDate "2025.05.27"]

1. d4 Nf6 2. c4 g6 3. Nc3 Bg7 4. e4 d6 5. Bg5 h6 6. Be3 O-O 7. Qd2 Kh7 8. Bd3
Ng4 9. Nf3 Nxe3 10. Qxe3 Nc6 11. d5 Nb4 12. O-O Nxd3 13. Qxd3 c6 14. Rfe1 Qb6
15. Re2 Bg4 16. Rae1 f5 17. exf5 Bxf5 18. Qd2 Bf6 19. Ne4 Bxe4 20. Rxe4 Rf7 21.
h4 Raf8 22. h5 g5 23. Qd3 Kg8 24. b3 g4 25. Rxg4+ Bg7 26. Qg6 Kh8 27. Qe6 Qb4
28. Nh4 Rf6 29. Ng6+ Kh7 30. Nxf8+ Bxf8 31. Qg8# 1-0

[Event "Titled Tue 27th May Late"]
[Site "chess.com INT"]
[Date "2025.05.27"]
[Round "5"]
[White "Bahmani, Koorosh"]
[Black "De Sousa, Antonio Micaias Silva"]
[Result "1-0"]
[WhiteTitle "CM"]
[WhiteElo "2208"]
[BlackElo "2007"]
[WhiteFideId "42576750"]
[BlackFideId "22798528"]
[EventDate "2025.05.27"]

1. Nf3 d5 2. g3 Nf6 3. c4 e6 4. Bg2 Be7 5. O-O O-O 6. d4 dxc4 7. Na3 Bxa3 8.
bxa3 Bd7 9. a4 Bc6 10. Ba3 Re8 11. Qc2 Bd5 12. Rfe1 Bxf3 13. Bxf3 c6 14. Rab1
Qc8 15. Qxc4 Nbd7 16. Rec1 e5 17. e3 exd4 18. Qxd4 Ne5 19. Bg2 Qf5 20. Rxb7 Nf3+
21. Bxf3 Qxf3 22. Qf4 Qd5 23. Qc4 Qd2 24. Qxf7+ 1-0

[Event "Titled Tue 27th May Late"]
[Site "chess.com INT"]
[Date "2025.05.27"]
[Round "5"]
[White "Goryachkina, Aleksandra"]
[Black "Zhigalko, Sergei"]
[Result "0-1"]
[WhiteTitle "GM"]
[BlackTitle "GM"]
[WhiteElo "2544"]
[BlackElo "2572"]
[WhiteFideId "4147103"]
[BlackFideId "13502956"]
[EventDate "2025.05.27"]

1. d4 Nf6 2. Nf3 e6 3. g3 b5 4. Bg2 Bb7 5. O-O c5 6. a4 b4 7. c3 d5 8. Bg5 Nbd7
9. a5 Rc8 10. a6 Bc6 11. Ne5 Bb5 12. Nxd7 Qxd7 13. Bxf6 gxf6 14. Nd2 bxc3 15.
bxc3 cxd4 16. cxd4 Bb4 17. Re1 O-O 18. e4 dxe4 19. Nxe4 Qe7 20. Qg4+ Kh8 21. Qh4
Bxe1 22. Nxf6 Bxf2+ 23. Kh1 Bd3 24. Rf1 Rc2 25. Be4 Bxe4+ 26. Qxe4 Qxf6 27. Qxc2
Qf3# 0-1

[Event "Titled Tue 27th May Late"]
[Site "chess.com INT"]
[Date "2025.05.27"]
[Round "5"]
[White "Martin Fuentes, Alberto"]
[Black "Korkmaz, Necmettin"]
[Result "1-0"]
[WhiteTitle "FM"]
[BlackTitle "CM"]
[WhiteElo "2376"]
[BlackElo "2059"]
[WhiteFideId "2292289"]
[BlackFideId "6303285"]
[EventDate "2025.05.27"]

1. e4 e6 2. d4 d5 3. Nd2 Nf6 4. e5 Nfd7 5. c3 c5 6. Bd3 Nc6 7. Ndf3 Qb6 8. Ne2
cxd4 9. cxd4 f6 10. exf6 Nxf6 11. O-O Bd6 12. Bf4 Bxf4 13. Nxf4 O-O 14. g3 Qxb2
15. Rb1 Qxa2 16. Bb5 Qa5 17. Bxc6 bxc6 18. Qc2 Ne4 19. Qxc6 Ba6 20. Ra1 Qc3 21.
Qxc3 Nxc3 22. Rxa6 Nb5 23. Rfa1 Rab8 24. h4 Rf6 25. Rxe6 Rxe6 26. Nxe6 Ra8 27.
Ra6 Rc8 28. Nf4 Rc4 29. Nxd5 Nxd4 30. Nxd4 Rxd4 31. Ne7+ Kf7 32. Rxa7 Ke6 33.
Nc6 Rg4 34. Kg2 h5 35. Na5 Ra4 36. Rxg7 Rxa5 37. Rg5 Rxg5 38. hxg5 Kf5 39. f4 1-0

[Event "Titled Tue 27th May Late"]
[Site "chess.com INT"]
[Date "2025.05.27"]
[Round "5"]
[White "Rostomyan, Mikayel"]
[Black "Holinka, Henning"]
[Result "1-0"]
[WhiteTitle "FM"]
[BlackTitle "FM"]
[WhiteElo "2325"]
[BlackElo "2303"]
[WhiteFideId "13313754"]
[BlackFideId "12967084"]
[EventDate "2025.05.27"]

1. e4 c5 2. Nf3 e6 3. d4 cxd4 4. Nxd4 a6 5. h3 b5 6. a4 bxa4 7. Bd3 Bc5 8. c3
Nf6 9. O-O O-O 10. e5 Nd5 11. Rxa4 g6 12. Nf3 d6 13. Qd2 f5 14. exf6 Qxf6 15.
Rh4 Ra7 16. b4 Bb6 17. c4 Ne7 18. c5 dxc5 19. Bb2 e5 20. Bxe5 Qe6 21. Bc4 1-0